KOHA-Header-6

Developmental social psychology : (Record no. 12516)

000 -LEADER
fixed length control field 01000pam a2200277 a 4500
001 - CONTROL NUMBER
control field 1599399
003 - CONTROL NUMBER IDENTIFIER
control field MAJU-Karachi
005 - DATE AND TIME OF LATEST TRANSACTION
control field 20200922122409.0
008 - FIXED-LENGTH DATA ELEMENTS--GENERAL INFORMATION
fixed length control field 941223s1995 maua b 001 0 eng
010 ## - LIBRARY OF CONGRESS CONTROL NUMBER
LC control number 94047664
020 ## - INTERNATIONAL STANDARD BOOK NUMBER
International Standard Book Number 0631148299 (pbk. : acidfree paper)
020 ## - INTERNATIONAL STANDARD BOOK NUMBER
International Standard Book Number 0631148280 (acidfree paper)
040 ## - CATALOGING SOURCE
Original cataloging agency DLC
Transcribing agency DLC
Modifying agency DLC
050 00 - LIBRARY OF CONGRESS CALL NUMBER
Classification number HM251
Item number .D83 1995
082 00 - DEWEY DECIMAL CLASSIFICATION NUMBER
Classification number 302
Edition number 20
100 1# - MAIN ENTRY--PERSONAL NAME
Personal name Durkin, Kevin.
245 10 - TITLE STATEMENT
Title Developmental social psychology :
Remainder of title from infancy to old age /
Statement of responsibility, etc Kevin Durkin.
260 ## - PUBLICATION, DISTRIBUTION, ETC. (IMPRINT)
Place of publication, distribution, etc Cambridge, Mass. :
Name of publisher, distributor, etc Blackwell,
Date of publication, distribution, etc 1995.
300 ## - PHYSICAL DESCRIPTION
Extent lvi, 776 p. :
Other physical details ill. ;
Dimensions 25 cm.
504 ## - BIBLIOGRAPHY, ETC. NOTE
Bibliography, etc Includes bibliographical references (p. [655]-756) and index.
650 #0 - SUBJECT ADDED ENTRY--TOPICAL TERM
Topical term or geographic name as entry element Social psychology.
650 #0 - SUBJECT ADDED ENTRY--TOPICAL TERM
Topical term or geographic name as entry element Developmental psychology.
906 ## - LOCAL DATA ELEMENT F, LDF (RLIN)
a 7
b cbc
c orignew
d 1
e ocip
f 19
g y-gencatlg
942 ## - ADDED ENTRY ELEMENTS (KOHA)
Source of classification or shelving scheme
Koha item type Psychology
Holdings
Withdrawn status Lost status Source of classification or shelving scheme Damaged status Not for loan Collection code Permanent Location Current Location Shelving location Date acquired Total Checkouts Full call number Barcode Checked out Date last seen Date checked out Price effective from Koha item type
          Psychology MAJU MAJU Shelf No.A35 2020-09-22 1 302 9701 2026-02-22 2025-08-26 2025-08-26 2020-09-22 Psychology

Powered by Koha